<?xml version="1.0" encoding="UTF-8"?><?xml-stylesheet type="text/xsl" href="static/style.xsl"?><OAI-PMH xmlns="http://www.openarchives.org/OAI/2.0/" xmlns:xsi="http://www.w3.org/2001/XMLSchema-instance" xsi:schemaLocation="http://www.openarchives.org/OAI/2.0/ http://www.openarchives.org/OAI/2.0/OAI-PMH.xsd"><responseDate>2026-04-18T05:41:26Z</responseDate><request verb="GetRecord" identifier="oai:riubu.ubu.es:10259/9963" metadataPrefix="marc">https://riubu.ubu.es/oai/request</request><GetRecord><record><header><identifier>oai:riubu.ubu.es:10259/9963</identifier><datestamp>2025-01-21T01:05:26Z</datestamp><setSpec>com_10259_4809</setSpec><setSpec>com_10259_5086</setSpec><setSpec>com_10259_2604</setSpec><setSpec>col_10259_4810</setSpec></header><metadata><record xmlns="http://www.loc.gov/MARC21/slim" xmlns:doc="http://www.lyncode.com/xoai" xmlns:xsi="http://www.w3.org/2001/XMLSchema-instance" xmlns:dcterms="http://purl.org/dc/terms/" xsi:schemaLocation="http://www.loc.gov/MARC21/slim http://www.loc.gov/standards/marcxml/schema/MARC21slim.xsd">
<leader>00925njm 22002777a 4500</leader>
<datafield tag="042" ind1=" " ind2=" ">
<subfield code="a">dc</subfield>
</datafield>
<datafield tag="720" ind1=" " ind2=" ">
<subfield code="a">Vicente Cabrera, Miguel Ángel</subfield>
<subfield code="e">author</subfield>
</datafield>
<datafield tag="720" ind1=" " ind2=" ">
<subfield code="a">Mena Alonso, Álvaro</subfield>
<subfield code="e">author</subfield>
</datafield>
<datafield tag="720" ind1=" " ind2=" ">
<subfield code="a">Mínguez Algarra, Jesús</subfield>
<subfield code="e">author</subfield>
</datafield>
<datafield tag="720" ind1=" " ind2=" ">
<subfield code="a">González Cabrera, Dorys Carmen</subfield>
<subfield code="e">author</subfield>
</datafield>
<datafield tag="260" ind1=" " ind2=" ">
<subfield code="c">2021-09</subfield>
</datafield>
<datafield tag="520" ind1=" " ind2=" ">
<subfield code="a">This paper shows the scientific possibilities of computed tomography for the study of concrete porosity. The enormous technological advances in computed tomography equipment used in materials research, with increasingly higher energy, better resolution and smaller pixel size will allow, in the near future, viewing pore sizes that are currently unthinkable, competing in resolution with the traditional techniques of mercury porosimetry and nitrogen adsorption. The challenge at that time (and to a lesser extent today) will be how to extract as much information as possible from the large amount of data provided by computed tomography equipment. In this article, through the study of six cubic specimens of 40 mm sides, different techniques of extraction and presentation of the information are shown, which help us to better understand the characterization of the morphology and distribution of the pores inside the concrete matrix. This information is essential to understand some of the macroscopic responses of the concrete.</subfield>
</datafield>
<datafield tag="024" ind2=" " ind1="8">
<subfield code="a">http://hdl.handle.net/10259/9963</subfield>
</datafield>
<datafield tag="024" ind2=" " ind1="8">
<subfield code="a">10.3390/app11188699</subfield>
</datafield>
<datafield tag="024" ind2=" " ind1="8">
<subfield code="a">2076-3417</subfield>
</datafield>
<datafield ind1=" " ind2=" " tag="653">
<subfield code="a">CT-scan technology</subfield>
</datafield>
<datafield ind1=" " ind2=" " tag="653">
<subfield code="a">Porosity</subfield>
</datafield>
<datafield ind1=" " ind2=" " tag="653">
<subfield code="a">Circumferential test</subfield>
</datafield>
<datafield ind1=" " ind2=" " tag="653">
<subfield code="a">Neighborhood test</subfield>
</datafield>
<datafield ind1=" " ind2=" " tag="653">
<subfield code="a">Porosimetric curve</subfield>
</datafield>
<datafield ind1=" " ind2=" " tag="653">
<subfield code="a">Maximum pore size</subfield>
</datafield>
<datafield ind1=" " ind2=" " tag="653">
<subfield code="a">Pore orientation</subfield>
</datafield>
<datafield tag="245" ind1="0" ind2="0">
<subfield code="a">Use of Computed Tomography Scan Technology to Explore the Porosity of Concrete: Scientific Possibilities and Technological Limitations</subfield>
</datafield>
</record></metadata></record></GetRecord></OAI-PMH>